| 000 | 00571nam a2200217 a 4500 | ||
|---|---|---|---|
| 001 | 000054933 | ||
| 005 | 20200120222936.0 | ||
| 008 | 990623s1994 sp a gr 000 0 spa d | ||
| 020 | _a8431512687 | ||
| 041 | _a*spa | ||
| 043 | _ae-sp--- | ||
| 082 | 0 | 4 |
_a618.21 _bB17 _221 |
| 100 | 1 | _aBarambio, Santiago. | |
| 245 | 1 | 3 |
_aEl libro de la futura madre / _cSantiago Barambio. |
| 260 |
_aBarcelona : _bDe Vecchi, _c1994. |
||
| 300 |
_a111 p. : _bil. |
||
| 490 | 0 |
_aColección salud. _aSerie diamante |
|
| 650 | 1 | 4 | _aEmbarazo. |
| 650 | 2 | 4 | _aCuidado prenatal |
| 650 | 2 | 4 | _aParto |
| 999 |
_c4501 _d4501 |
||